[Event "Florianopolis Autumn op U1800"]
[Site "Florianopolis"]
[Date "2022.05.15"]
[Round "5"]
[White "Rahn, Marlon Cristiano"]
[Black "Rodrigues Mota, Sophia Lorena"]
[Result "0-1"]
[WhiteElo "1200"]
[BlackElo "1411"]
[PlyCount "105"]
[EventDate "2022.05.13"]
[EventType "swiss"]
[EventRounds "6"]
[EventCountry "BRA"]
[SourceTitle "CBM 208 Extra"]
[Source "ChessBase"]
[SourceDate "2022.07.31"]
[SourceVersion "1"]
[SourceVersionDate "2022.07.31"]
[SourceQuality "1"]

1. e4 c5 2. Nf3 d6 3. Bc4 Nf6 4. d3 a6 5. c3 e6 6. Bg5 Be7 7. Nbd2 Nbd7 8. 0-0 b5 9. Bb3 Bb7 10. Bc2 0-0 11. Re1 Qc7 12. Nf1 h6 13. Bh4 Rfe8 14. Rc1 Qa5 15. a3 Rac8 16. d4 cxd4 17. Nxd4 Qc7 18. Bb3 Bxe4 19. Bxf6 Nxf6 20. Nxe6 Qb7 21. f3 Bd5 22. Bxd5 Nxd5 23. Nd4 Bf6 24. Ng3 Ne3 25. Qd3 Nc4 26. Qb1 Bxd4+ 27. cxd4 Qb6 28. Rxe8+ Rxe8 29. Qd3 Nxb2 30. Qc3 Nc4 31. Ne4 d5 32. Nc5 Re3 33. Nd3 Nxa3 34. Qc8+ Kh7 35. Qf5+ Qg6 36. Qxg6+ fxg6 37. Nb4 a5 38. Nxd5 Rd3 39. Rc3 Rxc3 40. Nxc3 b4 41. Na4 b3 42. Kf2 Nc4 43. d5 b2 44. Nxb2 Nxb2 45. d6 Nd3+ 46. Ke3 Nc5 47. Kd4 Nd7 48. Kc4 Ne5+ 49. Kb5 g5 50. Kxa5 Nc4+ 51. Kb5 Nxd6+ 52. Kc5 Nf5 53. Kd5 0-1

[Event "Timbo op 2nd"]
[Site "Timbo"]
[Date "2022.02.18"]
[Round "3"]
[White "Almeida, Heidy Jose Moreira"]
[Black "Rodrigues Mota, Sophia Lorena"]
[Result "1-0"]
[WhiteElo "1853"]
[BlackElo "1408"]
[PlyCount "77"]
[EventDate "2022.02.17"]
[EventType "swiss"]
[EventRounds "7"]
[EventCountry "BRA"]
[SourceTitle "EXT 2023"]
[Source "ChessBase"]
[SourceDate "2022.10.05"]
[SourceVersion "1"]
[SourceVersionDate "2022.10.05"]
[SourceQuality "1"]

1. e4 c5 2. Nf3 d6 3. c4 Nf6 4. Nc3 a6 5. d4 cxd4 6. Nxd4 Nbd7 7. Bd3 e6 8. 0-0 Be7 9. f4 Qc7 10. Qf3 Nc5 11. Bc2 0-0 12. Be3 b6 13. b4 Ncd7 14. e5 Bb7 15. Qh3 dxe5 16. fxe5 Qxe5 17. Rf4 Bxb4 18. Nce2 h6 19. Raf1 Bc5 20. Kh1 Be4 21. Rxe4 Nxe4 22. Bf4 Ng5 23. Qd3 Qf6 24. Nf3 g6 25. Qxd7 Rfd8 26. Qa4 Nxf3 27. gxf3 g5 28. Bc1 Qe5 29. Ng3 Qc3 30. Bb1 b5 31. cxb5 axb5 32. Qe4 Kf8 33. Qh7 Qg7 34. Qc2 Bd6 35. Bb2 Qg8 36. Ne4 Be7 37. Nf6 Bxf6 38. Bxf6 Rdc8 39. Qd2 1-0

[Event "Timbo op 2nd"]
[Site "Timbo"]
[Date "2022.02.17"]
[Round "1"]
[White "Gauche, Charles"]
[Black "Rodrigues Mota, Sophia Lorena"]
[Result "0-1"]
[WhiteElo "2240"]
[BlackElo "1408"]
[PlyCount "58"]
[EventDate "2022.02.17"]
[EventType "swiss"]
[EventRounds "7"]
[EventCountry "BRA"]
[SourceTitle "EXT 2023"]
[Source "ChessBase"]
[SourceDate "2022.10.05"]
[SourceVersion "1"]
[SourceVersionDate "2022.10.05"]
[SourceQuality "1"]

1. e4 c5 2. Nf3 d6 3. d4 cxd4 4. Nxd4 Nf6 5. Nc3 a6 6. Bg5 Nbd7 7. Qd2 Qc7 8. 0-0-0 b5 9. Nd5 Nxd5 10. exd5 Bb7 11. Nf5 Nb6 12. Re1 Nxd5 13. Nxd6+ Qxd6 14. g3 Qb4 15. Qe2 Nc3 16. bxc3 Qa3+ 17. Kb1 Bd5 18. Bg2 Bxa2+ 19. Ka1 Bc4+ 20. Kb1 Qa2+ 21. Kc1 Qa1+ 22. Kd2 Rd8+ 23. Qd3 Rxd3+ 24. cxd3 Qb2+ 25. Ke3 Qxc3 26. Be4 Bxd3 27. Rc1 Bxe4+ 28. Kf4 Qd2+ 29. Kg4 h5+ 0-1

[Event "Florianopolis op 8th"]
[Site "Florianopolis"]
[Date "2022.01.28"]
[Round "7"]
[White "Ferreira, Rodrigo Maycon Mira"]
[Black "Rodrigues Mota, Sophia Lorena"]
[Result "1-0"]
[WhiteElo "1763"]
[BlackElo "1408"]
[PlyCount "57"]
[EventDate "2022.01.24"]
[EventType "swiss"]
[EventRounds "10"]
[EventCountry "BRA"]
[SourceTitle "EXT 2023"]
[Source "ChessBase"]
[SourceDate "2022.10.05"]
[SourceVersion "1"]
[SourceVersionDate "2022.10.05"]
[SourceQuality "1"]

1. d4 Nf6 2. c4 g6 3. g3 Bg7 4. Bg2 d6 5. Nc3 0-0 6. Nf3 Nbd7 7. 0-0 e5 8. e4 exd4 9. Nxd4 Re8 10. h3 Nc5 11. Re1 Re7 12. b4 Ne6 13. Nc2 Nd7 14. Bb2 Nb6 15. Qe2 Qe8 16. a4 Qc6 17. Nd5 Re8 18. Bxg7 Kxg7 19. Nce3 Nd7 20. f4 Kg8 21. h4 a5 22. f5 Ng7 23. f6 Ne6 24. Ne7+ Rxe7 25. fxe7 Nf6 26. Nd5 Ne8 27. e5 axb4 28. Nf6+ Kg7 29. Bxc6 1-0

[Event "Pan American-ch U1700"]
[Site "Timbo"]
[Date "2021.12.04"]
[Round "8"]
[White "Sonnenhohl, Walter Evaldo Franc"]
[Black "Rodrigues Mota, Sophia Lorena"]
[Result "1-0"]
[WhiteElo "1669"]
[BlackElo "1425"]
[PlyCount "55"]
[EventDate "2021.12.01"]
[EventType "swiss"]
[EventRounds "9"]
[EventCountry "BRA"]
[SourceTitle "CBM 205 Extra"]
[Source "ChessBase"]
[SourceDate "2022.01.31"]
[SourceVersion "1"]
[SourceVersionDate "2022.01.31"]
[SourceQuality "1"]

1. d4 Nf6 2. Nf3 g6 3. h3 Bg7 4. Bf4 d6 5. e3 0-0 6. Bh2 Nbd7 7. Be2 b6 8. 0-0 Bb7 9. c4 Ne4 10. Qc2 a5 11. Nc3 Nxc3 12. Qxc3 e5 13. dxe5 Nxe5 14. Nxe5 dxe5 15. Rad1 Qg5 16. Bg3 e4 17. Qc2 Qc5 18. Rd7 Be5 19. Bxe5 Qxe5 20. Rfd1 Bc6 21. R7d4 f5 22. c5 bxc5 23. Rc4 Rab8 24. Rxc5 Rxb2 25. Qc4+ Bd5 26. Rcxd5 Qe6 27. R5d2 Qxc4 28. Bxc4+ 1-0

[Event "Santa Catarina State-ch (Women) 35th"]
[Site "Rio Negrinho"]
[Date "2021.10.22"]
[Round "2"]
[White "Rodrigues Mota, Sophia Lorena"]
[Black "Wiltner, Camille Christina A"]
[Result "1-0"]
[WhiteElo "1541"]
[BlackElo "1423"]
[PlyCount "95"]
[EventDate "2021.10.21"]
[EventType "swiss"]
[EventRounds "7"]
[EventCountry "BRA"]
[SourceTitle "EXT 2023"]
[Source "ChessBase"]
[SourceDate "2022.10.05"]
[SourceVersion "1"]
[SourceVersionDate "2022.10.05"]
[SourceQuality "1"]

1. e4 c5 2. Nf3 Nc6 3. d4 cxd4 4. Nxd4 Nf6 5. Nc3 e6 6. a3 a6 7. Be3 Be7 8. Be2 0-0 9. 0-0 d6 10. h3 Nd7 11. Qd2 Nde5 12. Na4 b5 13. Nxc6 Nxc6 14. Nb6 Rb8 15. Nxc8 Rxc8 16. a4 Rb8 17. axb5 axb5 18. f4 f5 19. exf5 Rxf5 20. Bg4 Rf6 21. Ra6 Qc8 22. Rfa1 d5 23. c3 b4 24. Qe2 bxc3 25. bxc3 Nd8 26. Qd2 Bc5 27. Kh1 Bxe3 28. Qxe3 Rb3 29. Ra8 Rb8 30. R8a7 Rb7 31. Qe5 Rxa7 32. Rxa7 Nc6 33. Rc7 Qe8 34. Qd6 Na5 35. Qc5 Rf8 36. Qxa5 Qb8 37. Bxe6+ Kh8 38. Rf7 h6 39. Qc7 Qxc7 40. Rxc7 Rxf4 41. Bxd5 Rf6 42. Bf3 Rd6 43. c4 Kg8 44. c5 Rd3 45. c6 Rc3 46. Rb7 Kf8 47. c7 Ke8 48. Bg4 1-0

[Event "BRA-ch U14 Girls"]
[Site "Juiz de Fora"]
[Date "2021.10.09"]
[Round "1"]
[White "Silva, Maria Vitoria de So"]
[Black "Rodrigues Mota, Sophia Lorena"]
[Result "1-0"]
[WhiteElo "1192"]
[BlackElo "1541"]
[PlyCount "74"]
[EventDate "2021.10.09"]
[EventType "swiss"]
[EventRounds "6"]
[EventCountry "BRA"]
[SourceTitle "EXT 2023"]
[Source "ChessBase"]
[SourceDate "2022.10.05"]
[SourceVersion "1"]
[SourceVersionDate "2022.10.05"]
[SourceQuality "1"]

1. d4 Nf6 2. Nf3 g6 3. c4 Bg7 4. Bf4 d6 5. h3 0-0 6. Nc3 Nbd7 7. e3 Re8 8. Be2 c6 9. 0-0 Qc7 10. c5 b6 11. cxd6 exd6 12. Rc1 Qb8 13. d5 c5 14. Nb5 Ne4 15. Nd2 Bxb2 16. Rc2 Be5 17. Bxe5 Rxe5 18. Nxe4 Rxe4 19. Qd3 Nf6 20. f3 Re5 21. e4 Nh5 22. f4 Re8 23. Bxh5 gxh5 24. f5 Ba6 25. f6 Kh8 26. a4 Rg8 27. Rf5 Rg6 28. Rxh5 Qd8 29. Rf2 Rc8 30. Qe3 Bxb5 31. axb5 c4 32. Rh6 Qg8 33. Rxg6 Qxg6 34. Qd4 c3 35. Rc2 Qg3 36. Qf2 Qd3 37. Qf5 Qxc2 1-0

[Event "Florianopolis op 09"]
[Site "Florianopolis"]
[Date "2021.09.26"]
[Round "6"]
[White "Pereira, Armando Scharlau"]
[Black "Rodrigues Mota, Sophia Lorena"]
[Result "1/2-1/2"]
[WhiteElo "1704"]
[BlackElo "1545"]
[PlyCount "95"]
[EventDate "2021.09.24"]
[EventType "swiss"]
[EventRounds "6"]
[EventCountry "BRA"]
[SourceTitle "EXT 2024"]
[Source "ChessBase"]
[SourceDate "2023.10.10"]
[SourceVersion "1"]
[SourceVersionDate "2023.10.10"]
[SourceQuality "1"]

1. c4 Nf6 2. Nc3 g6 3. g3 Bg7 4. Bg2 d6 5. d4 Nbd7 6. e4 0-0 7. Nge2 c6 8. 0-0 Qc7 9. h3 Nb6 10. Qd3 e5 11. Be3 Be6 12. b3 Qd7 13. Kh2 Qc7 14. Rfd1 c5 15. dxe5 dxe5 16. Qd6 Qxd6 17. Rxd6 Nc8 18. Rd3 b6 19. Rad1 Ne7 20. Nd5 Nfxd5 21. cxd5 Bd7 22. Rc3 f5 23. f3 f4 24. Bf2 Bb5 25. Nc1 g5 26. g4 a5 27. a4 Bd7 28. Nd3 Ng6 29. Nb2 Nh4 30. Bxh4 gxh4 31. Nc4 Rab8 32. Nd6 Rf6 33. Nb5 Bxb5 34. axb5 Rd6 35. Bf1 Ra8 36. Rc4 Kf7 37. Bd3 Rh8 38. Kg2 Rg6 39. Rc2 h5 40. Bc4 Ke7 41. Rf2 hxg4 42. fxg4 Ra8 43. Ra1 Kd6 44. Kf3 Bh6 45. Rc2 Rg7 46. Bd3 Rga7 47. Ra4 Bg5 48. Bc4 1/2-1/2

[Event "Santa Catarina State-ch (Women) 34th"]
[Site "Rio Negrinho"]
[Date "2021.07.24"]
[Round "5"]
[White "Pereira, Aline Vitoria"]
[Black "Rodrigues Mota, Sophia Lorena"]
[Result "0-1"]
[WhiteElo "1282"]
[BlackElo "1357"]
[PlyCount "84"]
[EventDate "2021.07.22"]
[EventType "swiss"]
[EventRounds "7"]
[EventCountry "BRA"]
[SourceTitle "EXT 2022"]
[Source "ChessBase"]
[SourceDate "2021.10.06"]
[SourceVersion "1"]
[SourceVersionDate "2021.10.06"]
[SourceQuality "1"]

1. d4 Nf6 2. c4 g6 3. Nc3 Bg7 4. e4 d6 5. f3 Nbd7 6. Be3 0-0 7. Qd2 b6 8. Nge2 Bb7 9. g4 e5 10. d5 a5 11. h4 Nc5 12. Ng3 Nfd7 13. h5 Qe7 14. hxg6 fxg6 15. Bg2 Ba6 16. b3 Bb7 17. 0-0-0 Na6 18. Bh6 Ndc5 19. Rh2 Rf7 20. Rdh1 Nb4 21. Bxg7 Rxg7 22. Bf1 Qf7 23. Be2 Rf8 24. Nf5 gxf5 25. gxf5 Qe7 26. Rh5 Rff7 27. Nd1 Qd7 28. Nf2 Qe8 29. Ng4 Nd7 30. Nh6+ Kh8 31. Nxf7+ Qxf7 32. Rg5 Nxa2+ 33. Kb2 Nb4 34. Rhg1 Rxg5 35. Qxg5 Qf8 36. f4 exf4 37. Qxf4 Qf6+ 38. Kb1 Qc3 39. Bd1 Qd3+ 40. Kc1 Na2+ 41. Kb2 Qd4+ 42. Kxa2 Qxg1 0-1

[Event "Santa Catarina State-ch (Women) 34th"]
[Site "Rio Negrinho"]
[Date "2021.07.23"]
[Round "2"]
[White "Rodrigues Mota, Sophia Lorena"]
[Black "Campagnolo, Fabiola"]
[Result "0-1"]
[WhiteElo "1357"]
[BlackElo "1687"]
[PlyCount "102"]
[EventDate "2021.07.22"]
[EventType "swiss"]
[EventRounds "7"]
[EventCountry "BRA"]
[SourceTitle "EXT 2022"]
[Source "ChessBase"]
[SourceDate "2021.10.06"]
[SourceVersion "1"]
[SourceVersionDate "2021.10.06"]
[SourceQuality "1"]

1. e4 d5 2. exd5 Nf6 3. Nc3 Nxd5 4. Nxd5 Qxd5 5. Nf3 e5 6. c4 Qd6 7. b3 Nc6 8. Bb2 Bf5 9. Be2 f6 10. 0-0 0-0-0 11. Rc1 e4 12. c5 Qd7 13. Nh4 Be6 14. Rc2 Nb4 15. Rc1 Qxd2 16. Bg4 Qd7 17. Qxd7+ Bxd7 18. Bxd7+ Rxd7 19. Ba3 Nd3 20. Rc4 Rd5 21. Rxe4 Bxc5 22. Bxc5 Nxc5 23. Re7 g5 24. Nf3 Kd8 25. Rf7 Nd7 26. Re1 g4 27. Nh4 Re8 28. Rc1 Re7 29. Rxe7 Kxe7 30. Re1+ Re5 31. Rc1 c6 32. g3 Nb6 33. Rd1 Nd5 34. Rd4 f5 35. Ra4 a6 36. Kg2 Kf6 37. h3 h5 38. hxg4 hxg4 39. Kf1 Re4 40. Ra5 Ke5 41. Ng2 Kd4 42. Nh4 f4 43. Ra4+ Kd3 44. Ra5 f3 45. Rc5 Kd2 46. Kg1 Re1+ 47. Kh2 Rf1 48. Rc4 Rxf2+ 49. Kg1 Re2 50. Rxg4 f2+ 51. Kf1 Ne3# 0-1

[Event "Rio Negrinho Froebel op"]
[Site "Rio Negrinho"]
[Date "2021.07.11"]
[Round "5"]
[White "Rodrigues Mota, Sophia Lorena"]
[Black "Campagnolo, Fabiola"]
[Result "0-1"]
[WhiteElo "1357"]
[BlackElo "1687"]
[PlyCount "48"]
[EventDate "2021.07.09"]
[EventType "swiss"]
[EventRounds "6"]
[EventCountry "BRA"]
[SourceTitle "EXT 2022"]
[Source "ChessBase"]
[SourceDate "2021.10.06"]
[SourceVersion "1"]
[SourceVersionDate "2021.10.06"]
[SourceQuality "1"]

1. e4 c5 2. Nf3 a6 3. d4 cxd4 4. Nxd4 e5 5. Nb3 Nf6 6. Nc3 Bb4 7. f3 d5 8. Bd2 Bxc3 9. Bxc3 d4 10. Bd2 Nxe4 11. fxe4 Qh4+ 12. g3 Qxe4+ 13. Kf2 Nc6 14. Bd3 Qd5 15. Qe2 f5 16. Bc4 Qd6 17. c3 b5 18. Bd3 e4 19. Kg2 0-0 20. Bb1 e3 21. Be1 Bb7 22. Rf1 Ne5+ 23. Kg1 Qd5 24. Rf3 Nxf3+ 0-1

[Event "Pirai do Sul op 25th"]
[Site "Chess.com INT"]
[Date "2020.12.28"]
[Round "12"]
[White "Rodrigues Mota, Sophia Lorena"]
[Black "De Ramos, Joao Victor Vedan"]
[Result "1-0"]
[WhiteElo "1418"]
[BlackElo "1719"]
[PlyCount "101"]
[EventDate "2020.12.26"]
[EventType "swiss"]
[EventRounds "12"]
[EventCountry "BRA"]
[SourceTitle "CBM 200 Extra"]
[Source "ChessBase"]
[SourceDate "2021.03.31"]
[SourceVersion "1"]
[SourceVersionDate "2021.03.31"]
[SourceQuality "1"]

1. e4 e6 2. d4 Nf6 3. Nc3 Nc6 4. Nf3 d5 5. e5 Nd7 6. Bb5 a6 7. Ba4 b5 8. Bb3 Na5 9. Bg5 f6 10. exf6 gxf6 11. Bf4 c5 12. a3 Nxb3 13. cxb3 cxd4 14. Ne2 Qa5+ 15. Kf1 Bb7 16. Bd2 Qc7 17. Nfxd4 Be7 18. Nxe6 Qe5 19. N6f4 Qxb2 20. b4 d4 21. Ne6 Be4 22. Nc7+ Kd8 23. Nxa8 Qc2 24. Qxc2 Bxc2 25. Nxd4 Bd3+ 26. Ke1 f5 27. Rc1 Bf6 28. Ne6+ Ke7 29. Nec7 Nb6 30. Nxb6 Bd4 31. Nbd5+ Kd6 32. Bf4+ Kd7 33. Be3 Bxe3 34. Nxe3 Re8 35. Kd2 Rc8 36. Ncd5 Rxc1 37. Rxc1 Be4 38. f3 Bxd5 39. Nxd5 Kd6 40. Ne3 Ke5 41. Rc5+ Kd6 42. Rxf5 Ke6 43. Rh5 Kf6 44. Rxh7 Kg6 45. Ra7 Kf6 46. Rxa6+ Ke5 47. h4 Kf4 48. h5 Kg5 49. h6 Kh5 50. h7 Kg5 51. h8Q 1-0

[Event "Pirai do Sul op 25th"]
[Site "Chess.com INT"]
[Date "2020.12.27"]
[Round "5"]
[White "Rodrigues Mota, Sophia Lorena"]
[Black "Goncalves, Evandro Jose"]
[Result "0-1"]
[WhiteElo "1418"]
[BlackElo "1190"]
[PlyCount "20"]
[EventDate "2020.12.26"]
[EventType "swiss"]
[EventRounds "12"]
[EventCountry "BRA"]
[SourceTitle "CBM 200 Extra"]
[Source "ChessBase"]
[SourceDate "2021.03.31"]
[SourceVersion "1"]
[SourceVersionDate "2021.03.31"]
[SourceQuality "1"]

1. e4 e5 2. Nf3 Nc6 3. d4 exd4 4. Bc4 d6 5. Ng5 Ne5 6. Bb3 h6 7. Nf3 Bg4 8. Nbd2 c5 9. a3 Qf6 10. Nc4 Nxf3+ 0-1

[Event "Siqueira Campos Super 8"]
[Site "Chess.com INT"]
[Date "2020.12.13"]
[Round "11"]
[White "Ramazzotte, Esther Zilli"]
[Black "Rodrigues Mota, Sophia Lorena"]
[Result "1-0"]
[WhiteElo "1167"]
[BlackElo "1418"]
[PlyCount "71"]
[EventDate "2020.11.30"]
[EventType "tourn"]
[EventRounds "14"]
[EventCountry "BRA"]
[SourceTitle "EXT 2022"]
[Source "ChessBase"]
[SourceDate "2021.10.06"]
[SourceVersion "1"]
[SourceVersionDate "2021.10.06"]
[SourceQuality "1"]

1. d4 Nf6 2. c4 g6 3. Nc3 Bg7 4. Nf3 d6 5. Bg5 Nbd7 6. e3 0-0 7. Be2 b6 8. 0-0 Bb7 9. Rc1 Re8 10. Qc2 e5 11. dxe5 Nxe5 12. Nxe5 Rxe5 13. Bf4 Re6 14. Rfd1 Qe8 15. Nb5 Qe7 16. Bg5 a6 17. Nd4 Re5 18. Bf4 Re4 19. Bf3 Rxf4 20. exf4 Bxf3 21. Nxf3 Nh5 22. Re1 Qf6 23. g3 Qxb2 24. Qxb2 Bxb2 25. Rb1 Bc3 26. Re7 Rc8 27. Rc1 Bf6 28. Re4 Bb2 29. Rce1 Nf6 30. Re7 Kf8 31. Ng5 h6 32. Nxf7 Ng8 33. Rd7 Bf6 34. Re6 c5 35. Nxd6 Be7 36. Nxc8 1-0

[Event "Siqueira Campos Super 8"]
[Site "Chess.com INT"]
[Date "2020.12.02"]
[Round "4"]
[White "Rodrigues Mota, Sophia Lorena"]
[Black "Ramazzotte, Esther Zilli"]
[Result "0-1"]
[WhiteElo "1418"]
[BlackElo "1167"]
[PlyCount "64"]
[EventDate "2020.11.30"]
[EventType "tourn"]
[EventRounds "14"]
[EventCountry "BRA"]
[SourceTitle "EXT 2022"]
[Source "ChessBase"]
[SourceDate "2021.10.06"]
[SourceVersion "1"]
[SourceVersionDate "2021.10.06"]
[SourceQuality "1"]

1. e4 c6 2. d4 d5 3. exd5 cxd5 4. Nc3 Nf6 5. Nf3 Bg4 6. h3 Bh5 7. Bb5+ Nc6 8. g4 Bg6 9. Ne5 Qc7 10. Bf4 Qc8 11. g5 Nh5 12. Nxg6 hxg6 13. Be3 e6 14. Qe2 Bd6 15. Ba4 a6 16. Qf3 b5 17. Bb3 Na5 18. h4 Nxb3 19. axb3 b4 20. Nd1 Qxc2 21. Rc1 Qxb3 22. Rc6 Be7 23. Qe2 0-0 24. Rxa6 Rxa6 25. Qxa6 Qc4 26. Qxc4 dxc4 27. Kd2 Rc8 28. Rh3 Bd6 29. Rf3 c3+ 30. bxc3 bxc3+ 31. Kc2 Bb4 32. Bc1 f6 0-1